Central Library OPAC University of Rajshahi

The last hurrah : (Record no. 84620)

MARC details
000 -LEADER
fixed length control field 00565nam a2200205 a 4500
001 - CONTROL NUMBER
control field 84620
003 - CONTROL NUMBER IDENTIFIER
rucl marc code BD-RjUL
005 - DATE AND TIME OF LATEST TRANSACTION
control field 20250127114437.0
008 - FIXED-LENGTH DATA ELEMENTS--GENERAL INFORMATION
fixed length control field 250127s1956 nyu||||| |||| 00| 0 eng d
035 ## - SYSTEM CONTROL NUMBER
System control number (BD-RjUL)84620
040 ## - CATALOGING SOURCE
Original cataloging agency BD-RjUL
Language of cataloging eng
Transcribing agency BD-RjUL
041 ## - LANGUAGE CODE
Language code of text/sound track or separate title eng
082 ## - DEWEY DECIMAL CLASSIFICATION NUMBER
Edition number 23
Classification number 813
Author mark and year OCL 1956
100 ## - MAIN ENTRY--PERSONAL NAME
Personal name O'Connor, Edwin
9 (RLIN) 14853
245 ## - TITLE STATEMENT
Title The last hurrah :
Remainder of title the edge of sadness /
Statement of responsibility, etc. Edwin O'Connor
260 ## - PUBLICATION, DISTRIBUTION, ETC. (IMPRINT)
Place of publication, distribution, etc. New York;
-- Boston :
Name of publisher, distributor, etc. Little, Brown,
Date of publication, distribution, etc. 1956
300 ## - PHYSICAL DESCRIPTION
Pagination 374 p.;
Size 18 cm.
650 ## - SUBJECT ADDED ENTRY--TOPICAL TERM
Topical term or geographic name as entry element American Fiction
9 (RLIN) 3004
942 ## - ADDED ENTRY ELEMENTS (KOHA)
Source of classification or shelving scheme Dewey Decimal Classification
Koha item type Books
Holdings
Lost status Source of classification or shelving scheme Damaged status Not for loan Collection code Permanent Location Current Location Shelving location Date acquired Source of acquisition Total Checkouts Full call number Date last seen Copy number Koha item type
  Dewey Decimal Classification   Not For Loan Non-fiction Central Library, University of Rajshahi Central Library, University of Rajshahi Reading Room 31/01/1966 U.S.A   813 OCL 1956 27/01/2025 C-1 Books